Fundamentals of quality control and improvement

Saved in:
Bibliographic Details
Main Author: Mitra
Format: Book
Published: 2008
Edition:3rd ed.
Tags: Add Tag
No Tags, Be the first to tag this record!
Call Number :

MARC

LEADER 00000pam a2200000 4500
001 27776
003 MY-KLNDU
005 20241218082401.0
020 0 0 |a 9780470226537 
035 |a 0000039158 
039 9 |a 200912221217  |b staff  |c 200911181256  |d VLOAD  |y 200910091803  |z VLOAD 
100 0 0 |a Mitra 
245 0 0 |a Fundamentals of quality control and improvement 
250 0 0 |a 3rd ed. 
260 0 0 |a 2008 
591 |a 0000009811  |b 26/05/09  |c 0306-08  |d 1  |e RM513  |f 1  |g 513  |h Bookfinder Sdn. Bhd. 
999 |a vtls000037273  |c 27776  |d 27776